Catalog

Record Details

Catalog Search



The dressmaker : a novel  Cover Image Book Book

The dressmaker : a novel / Kate Alcott.

Alcott, Kate. (Author).

Summary:

A spirited woman survives the sinking of the Titanic only to find herself embroiled in the tumultuous aftermath of that great tragedy. Tess is one of the last people to escape into a lifeboat. When an enterprising reporter turns her employer, Lady Duff Gordon, into an object of scorn, Tess is torn between loyalty and the truth.

Record details

  • ISBN: 9780385535588
  • Physical Description: 306 pages ; 24 cm.
  • Edition: First edition.
  • Publisher: New York : Doubleday, ©2012.
Subject: Titanic (Steamship) > Fiction.
Women dressmakers > Fiction.
Shipwreck survival > Fiction.
British > United States > Fiction.
Historical fiction.
Love stories.
New York > Fiction.

Available copies

  • 1 of 1 copy available at scottsboropl.

Holds

  • 0 current holds with 1 total copy.
Show Only Available Copies
Location Call Number / Copy Notes Barcode Shelving Location Status Due Date
scottsboropl F Alc 32269000892524 Adult - Fiction Available -

LDR 01301cam a2200325 a 4500
001134132
003CONS
00520150319133606.0
008110517s2012 nyu 000 1 eng
010 . ‡a 2011018899
020 . ‡a9780385535588
035 . ‡a(CPomAG)LMN506474
043 . ‡an-us-ny
08200. ‡a823/.92 ‡222
1001 . ‡aAlcott, Kate.
24514. ‡aThe dressmaker : ‡ba novel / ‡cKate Alcott.
250 . ‡aFirst edition.
260 . ‡aNew York : ‡bDoubleday, ‡c©2012.
300 . ‡a306 pages ; ‡c24 cm.
520 . ‡aA spirited woman survives the sinking of the Titanic only to find herself embroiled in the tumultuous aftermath of that great tragedy. Tess is one of the last people to escape into a lifeboat. When an enterprising reporter turns her employer, Lady Duff Gordon, into an object of scorn, Tess is torn between loyalty and the truth.
61020. ‡aTitanic (Steamship) ‡vFiction.
650 0. ‡aWomen dressmakers ‡vFiction.
650 0. ‡aShipwreck survival ‡vFiction.
650 0. ‡aBritish ‡zUnited States ‡vFiction.
650 0. ‡aHistorical fiction.
650 0. ‡aLove stories.
651 0. ‡aNew York ‡vFiction.
914 . ‡dNAC_cp
959 . ‡i32269000892524 ‡lF Alc ‡aAdult - Fiction ‡tFiction ‡g26.00
852 . ‡p32269000892524 ‡jF Alc ‡gAdult - Fiction ‡cFiction ‡y26.00 ‡bSBPL
901 . ‡a134132 ‡bUnknown ‡c134132 ‡tbiblio

Additional Resources